000 00906nam a2200277 i 4500
001 bg
003 BPK
005 20220421090811.0
008 050404s2004 pl a f |001 0 pol
015 _aPB 2005/6642
020 _a8301141905
040 _aWA N
_cBPK
041 0 _apol
080 _a911.3:33
080 _a(075.8)
100 1 _aDomański, Ryszard
_d(1928-2021)
_eAutor
245 1 0 _aGeografia ekonomiczna :
_bujęcie dynamiczne /
_cRyszard Domański.
260 _aWarszawa :
_bWydaw. Naukowe PWN,
_c2004.
300 _a317, [1] s. :
_bmapy, rys., wykr. ;
_c24 cm.
504 _aBibliogr. s. [307]-315. Indeks.
655 4 _aPodręczniki akademickie
650 4 _aGeografia gospodarcza
710 2 _aWydawnictwo Naukowe PWN
_4pbl.
856 4 1 _uhttp://koha.tu.koszalin.pl/cgi-bin/koha/opac-detail.pl?biblionumber=44876
_yKatalog online BPK
942 _2UKD
_cKS
999 _c44876
_d44876